[Event "DEM U12 2019"]
[Site "Willingen GER"]
[Date "2019.06.14"]
[Round "8"]
[White "Kempe, Caius Emilian"]
[Black "Foerster-Yialamas, Lucas"]
[Result "0-1"]
[Termination "normal"]
[Board "1"]
[WhiteElo "1766"]
[BlackElo "1981"]
[WhiteClock "01:14:33"]
[BlackClock "01:02:13"]
[PlyCount "88"]
[WhiteFideId "16246861"]
[BlackFideId "30901774"]
[EventCountry "GER"]
[EventRounds "9"]
[EventType "swiss"]
[EventDate "2019.06.08"]

1. d4 Nf6 2. c4 g6 3. f3 d5 4. cxd5 Nxd5 5. e4 Nb6 6. Nc3 Bg7 7. Be3 O-O 8. Qd2
Nc6 9. O-O-O e5 10. d5 Ne7 11. h4 f5 12. exf5 Nxf5 13. Bg5 Bf6 14. Nh3 Ng3 15.
Rh2 Nxf1 16. Rxf1 Bxh3 17. Rxh3 Bxg5 18. hxg5 Nc4 19. Qe2 Qxg5+ 20. Kb1 Nd2+
21. Ka1 Nxf1 22. Qxf1 Rad8 23. Qh1 Rf7 24. Ne4 Qf5 25. g4 Qd7 26. d6 cxd6 27.
Ng5 Rc8 28. Nxf7 Qxf7 29. Qd1 Qc4 30. Rh1 d5 31. a3 d4 32. Re1 Qd5 33. Qe2 d3
34. Qd2 Rc2 35. Qe3 d2 36. Rd1 Qb5 37. b3 Qb6 38. Qxe5 Qc6 39. Qd4 Rc1+ 40. Ka2
Qc2+ 41. Qb2 Qxb2+ 42. Kxb2 Rxd1 43. Kc2 Rb1 44. Kxd2 Rxb3 0-1

[Event "DEM U12 2019"]
[Site "Willingen GER"]
[Date "2019.06.14"]
[Round "8"]
[White "Bakiev, Diyor"]
[Black "Klühs, Gustaf"]
[Result "1/2-1/2"]
[Termination "normal"]
[Board "2"]
[WhiteElo "2123"]
[BlackElo "1705"]
[WhiteClock "00:26:46"]
[BlackClock "00:50:26"]
[PlyCount "55"]
[WhiteFideId "16241584"]
[BlackFideId "16228936"]
[EventCountry "GER"]
[EventRounds "9"]
[EventType "swiss"]
[EventDate "2019.06.08"]

1. e4 {[%clk 1:30:54]} 1... e6 {[%clk 1:30:53]} 2. d4 {[%clk 1:31:21]} 2... d5
{[%clk 1:31:20]} 3. e5 {[%clk 1:31:47]} 3... c5 {[%clk 1:31:48]} 4. c3 { [%clk
1:32:08]} 4... Nc6 {[%clk 1:32:16]} 5. Nf3 {[%clk 1:32:09]} 5... Bd7 { [%clk
1:32:42]} 6. Be2 {[%clk 1:32:17]} 6... Nge7 {[%clk 1:33:01]} 7. Na3 { [%clk
1:32:21]} 7... Ng6 {[%clk 1:33:24]} 8. Nc2 {[%clk 1:31:44]} 8... cxd4 { [%clk
1:33:42]} 9. cxd4 {[%clk 1:32:02]} 9... Be7 {[%clk 1:34:01]} 10. O-O { [%clk
1:30:44]} 10... O-O {[%clk 1:34:25]} 11. Bd3 {[%clk 1:29:18]} 11... f5 { [%clk
1:24:06]} 12. exf6 {[%clk 1:29:02]} 12... Bxf6 {[%clk 1:24:21]} 13. Bxg6 {[%clk
1:26:45]} 13... hxg6 {[%clk 1:24:47]} 14. Qd3 {[%clk 1:26:06]} 14... Be8 {[%clk
1:23:49]} 15. Re1 {[%clk 1:25:55]} 15... Bf7 {[%clk 1:24:05]} 16. Bf4 { [%clk
1:23:47]} 16... g5 {[%clk 1:12:56]} 17. Bg3 {[%clk 1:20:33]} 17... g4 { [%clk
1:10:36]} 18. Ne5 {[%clk 1:20:29]} 18... Nxe5 {[%clk 1:10:57]} 19. Bxe5 { [%clk
1:20:28]} 19... Rc8 {[%clk 1:06:15]} 20. Rac1 {[%clk 1:13:06]} 20... Bxe5
{[%clk 1:02:17]} 21. Rxe5 {[%clk 1:12:08]} 21... Qf6 {[%clk 1:02:40]} 22. Qe3 {
[%clk 0:45:03]} 22... Rc6 {[%clk 0:57:16]} 23. Ne1 {[%clk 0:43:24]} 23... Rxc1
{[%clk 0:57:15]} 24. Qxc1 {[%clk 0:43:52]} 24... Bg6 {[%clk 0:55:39]} 25. Qe3 {
[%clk 0:40:12]} 25... Be4 {[%clk 0:54:37]} 26. f3 {[%clk 0:29:43]} 26... gxf3 {
[%clk 0:50:21]} 27. gxf3 {[%clk 0:29:36]} 27... Bf5 {[%clk 0:50:26]} 28. Kh1 {
[%clk 0:26:46]} 1/2-1/2

[Event "DEM U12 2019"]
[Site "Willingen GER"]
[Date "2019.06.14"]
[Round "8"]
[White "Metzdorf, Matteo"]
[Black "Costa, Leonardo"]
[Result "0-1"]
[Termination "normal"]
[Board "3"]
[WhiteElo "1837"]
[BlackElo "1933"]
[WhiteClock "00:00:46"]
[BlackClock "00:09:38"]
[PlyCount "76"]
[WhiteFideId "16209869"]
[BlackFideId "16213955"]
[EventCountry "GER"]
[EventRounds "9"]
[EventType "swiss"]
[EventDate "2019.06.08"]

1. e4 {[%clk 1:30:58]} 1... e5 {[%clk 1:30:56]} 2. Nf3 {[%clk 1:31:23]} 2...
Nc6 {[%clk 1:31:19]} 3. Bb5 {[%clk 1:31:48]} 3... a6 {[%clk 1:31:44]} 4. Ba4 {
[%clk 1:32:14]} 4... Nf6 {[%clk 1:32:07]} 5. O-O {[%clk 1:32:18]} 5... b5 {
[%clk 1:32:24]} 6. Bb3 {[%clk 1:32:43]} 6... Bc5 {[%clk 1:32:35]} 7. d3 { [%clk
1:27:35]} 7... d6 {[%clk 1:31:29]} 8. c3 {[%clk 1:26:28]} 8... h6 { [%clk
1:30:47]} 9. Re1 {[%clk 1:21:01]} 9... Bb6 {[%clk 1:29:01]} 10. Nbd2 { [%clk
1:07:23]} 10... O-O {[%clk 1:23:14]} 11. Nf1 {[%clk 1:03:25]} 11... Ne7 { [%clk
1:21:00]} 12. Ng3 {[%clk 0:55:12]} 12... Ng6 {[%clk 1:15:58]} 13. a4 { [%clk
0:52:22]} 13... Bd7 {[%clk 1:08:49]} 14. h3 {[%clk 0:44:54]} 14... c5 { [%clk
0:55:54]} 15. d4 {[%clk 0:34:00]} 15... Rb8 {[%clk 0:45:59]} 16. Be3 { [%clk
0:16:12]} 16... Re8 {[%clk 0:41:17]} 17. dxc5 {[%clk 0:11:13]} 17... dxc5
{[%clk 0:36:43]} 18. a5 {[%clk 0:10:28]} 18... Bxa5 {[%clk 0:23:50]} 19. Bxc5 {
[%clk 0:10:26]} 19... Bb6 {[%clk 0:22:45]} 20. Bd6 {[%clk 0:09:11]} 20... Ra8 {
[%clk 0:22:35]} 21. Qd2 {[%clk 0:08:00]} 21... Qc8 {[%clk 0:18:27]} 22. Kh2 {
[%clk 0:06:19]} 22... Qb7 {[%clk 0:14:44]} 23. Rad1 {[%clk 0:05:48]} 23... Rad8
{[%clk 0:14:36]} 24. Qc2 {[%clk 0:04:06]} 24... Bc6 {[%clk 0:14:03]} 25. Qb1 {
[%clk 0:03:32]} 25... Bxf2 {[%clk 0:13:31]} 26. Nf5 {[%clk 0:00:49]} 26... Bxe1
{[%clk 0:12:45]} 27. Rxe1 {[%clk 0:01:06]} 27... Bxe4 {[%clk 0:12:48]} 28. Bc2
{[%clk 0:01:00]} 28... Bxf5 {[%clk 0:12:06]} 29. Bxf5 {[%clk 0:00:57]} 29...
Rxd6 {[%clk 0:12:30]} 30. Bxg6 {[%clk 0:00:50]} 30... fxg6 {[%clk 0:12:12]} 31.
Qxg6 {[%clk 0:00:53]} 31... Qf7 {[%clk 0:11:30]} 32. Qf5 {[%clk 0:00:51]} 32...
e4 {[%clk 0:11:23]} 33. Nd4 {[%clk 0:00:53]} 33... Rd5 {[%clk 0:11:20]} 34. Qf4
{[%clk 0:00:50]} 34... e3 {[%clk 0:10:25]} 35. Qf3 {[%clk 0:00:38]} 35... Rde5
{[%clk 0:10:10]} 36. Nc6 {[%clk 0:00:39]} 36... Re4 {[%clk 0:10:11]} 37. Nd4 {
[%clk 0:00:45]} 37... Nd5 {[%clk 0:09:49]} 38. Qg3 {[%clk 0:00:46]} 38... Qf4 {
[%clk 0:09:38]} 0-1

[Event "DEM U12 2019"]
[Site "Willingen GER"]
[Date "2019.06.14"]
[Round "8"]
[White "Stork, Christopher"]
[Black "Reichmann, Felix"]
[Result "1/2-1/2"]
[Termination "normal"]
[Board "4"]
[WhiteElo "1817"]
[BlackElo "1725"]
[WhiteClock "01:03:33"]
[BlackClock "00:47:39"]
[PlyCount "57"]
[WhiteFideId "16215400"]
[BlackFideId "16238290"]
[EventCountry "GER"]
[EventRounds "9"]
[EventType "swiss"]
[EventDate "2019.06.08"]

1. e4 {[%clk 1:30:58]} 1... c5 {[%clk 1:30:25]} 2. Nf3 {[%clk 1:31:21]} 2... g6
{[%clk 1:30:51]} 3. d4 {[%clk 1:31:28]} 3... cxd4 {[%clk 1:31:18]} 4. Nxd4 {
[%clk 1:31:34]} 4... Bg7 {[%clk 1:31:38]} 5. Nc3 {[%clk 1:31:53]} 5... Nc6 {
[%clk 1:32:05]} 6. Be3 {[%clk 1:32:15]} 6... Nf6 {[%clk 1:32:28]} 7. Bc4 {
[%clk 1:32:26]} 7... O-O {[%clk 1:32:49]} 8. Bb3 {[%clk 1:32:49]} 8... Qa5 {
[%clk 1:32:55]} 9. O-O {[%clk 1:33:05]} 9... d6 {[%clk 1:33:19]} 10. h3 { [%clk
1:29:32]} 10... Bd7 {[%clk 1:33:23]} 11. f4 {[%clk 1:22:16]} 11... Rac8 { [%clk
1:31:02]} 12. a3 {[%clk 1:14:35]} 12... a6 {[%clk 1:21:32]} 13. Nd5 { [%clk
1:12:59]} 13... Nxd5 {[%clk 1:19:29]} 14. exd5 {[%clk 1:13:03]} 14... Nxd4
{[%clk 1:19:42]} 15. Bxd4 {[%clk 1:13:24]} 15... Bxd4+ {[%clk 1:13:51]} 16.
Qxd4 {[%clk 1:13:46]} 16... Bf5 {[%clk 1:11:55]} 17. Rf2 {[%clk 1:11:24]} 17...
Qc5 {[%clk 1:03:39]} 18. Qxc5 {[%clk 1:10:36]} 18... Rxc5 {[%clk 1:03:08] } 19.
Re2 {[%clk 1:10:25]} 19... Re8 {[%clk 1:03:17]} 20. g4 {[%clk 1:10:43]} 20...
Bd7 {[%clk 1:03:38]} 21. Rae1 {[%clk 1:10:54]} 21... Kf8 {[%clk 1:03:50]} 22.
Kf2 {[%clk 1:10:39]} 22... Bb5 {[%clk 1:00:05]} 23. Re4 {[%clk 1:10:20]} 23...
Bd7 {[%clk 1:00:02]} 24. Kg3 {[%clk 1:10:31]} 24... a5 {[%clk 0:54:50]} 25. a4
{[%clk 1:07:52]} 25... h6 {[%clk 0:49:11]} 26. c4 {[%clk 1:06:41]} 26... f5
{[%clk 0:48:28]} 27. R4e3 {[%clk 1:05:15]} 27... Kf7 {[%clk 0:48:16]} 28. Rc3
{[%clk 1:03:33]} 28... Rec8 {[%clk 0:47:39]} 29. Rce3 1/2-1/2

[Event "DEM U12 2019"]
[Site "Willingen GER"]
[Date "2019.06.14"]
[Round "8"]
[White "Fuchs, Florian"]
[Black "Freude, Max"]
[Result "1-0"]
[Termination "normal"]
[Board "6"]
[WhiteElo "1746"]
[BlackElo "1707"]
[WhiteClock "00:11:04"]
[BlackClock "00:08:10"]
[PlyCount "73"]
[WhiteFideId "16213351"]
[BlackFideId "16236157"]
[EventCountry "GER"]
[EventRounds "9"]
[EventType "swiss"]
[EventDate "2019.06.08"]

1. e4 {[%clk 1:30:58]} 1... e5 {[%clk 1:30:38]} 2. Nf3 {[%clk 1:31:18]} 2...
Nf6 {[%clk 1:30:51]} 3. Nxe5 {[%clk 1:31:30]} 3... d6 {[%clk 1:31:09]} 4. Nc4 {
[%clk 1:31:46]} 4... Nxe4 {[%clk 1:31:03]} 5. Qe2 {[%clk 1:32:03]} 5... Qe7 {
[%clk 1:30:52]} 6. Ne3 {[%clk 1:32:17]} 6... c6 {[%clk 1:20:14]} 7. c4 { [%clk
1:32:33]} 7... g6 {[%clk 1:18:26]} 8. g3 {[%clk 1:32:58]} 8... Bg7 { [%clk
1:17:10]} 9. Bg2 {[%clk 1:27:16]} 9... Nf6 {[%clk 1:15:03]} 10. Nc3 { [%clk
1:24:22]} 10... O-O {[%clk 1:13:32]} 11. O-O {[%clk 1:22:26]} 11... Na6 { [%clk
1:11:09]} 12. d4 {[%clk 1:20:33]} 12... Nc7 {[%clk 1:09:36]} 13. Rd1 { [%clk
1:18:03]} 13... Re8 {[%clk 1:08:11]} 14. b3 {[%clk 1:15:08]} 14... Bd7 { [%clk
1:06:41]} 15. Bb2 {[%clk 1:14:03]} 15... Ng4 {[%clk 1:03:53]} 16. Ne4 { [%clk
1:04:01]} 16... Nxe3 {[%clk 1:01:59]} 17. Qxe3 {[%clk 0:52:45]} 17... f5 {[%clk
1:00:25]} 18. Ng5 {[%clk 0:50:53]} 18... Qxe3 {[%clk 0:59:51]} 19. fxe3 {[%clk
0:51:16]} 19... Rxe3 {[%clk 0:57:26]} 20. Bc1 {[%clk 0:49:54]} 20... Re7 {[%clk
0:48:32]} 21. Ba3 {[%clk 0:48:11]} 21... c5 {[%clk 0:44:10]} 22. dxc5 { [%clk
0:47:38]} 22... Bxa1 {[%clk 0:43:26]} 23. cxd6 {[%clk 0:46:25]} 23... Rg7
{[%clk 0:32:00]} 24. Rxa1 {[%clk 0:46:08]} 24... Bc6 {[%clk 0:23:34]} 25. dxc7
{[%clk 0:37:42]} 25... Bxg2 {[%clk 0:23:19]} 26. Ne6 {[%clk 0:35:30]} 26... Rd7
{[%clk 0:18:07]} 27. Kxg2 {[%clk 0:35:26]} 27... Re8 {[%clk 0:17:37]} 28. Kh3 {
[%clk 0:31:13]} 28... Rc8 {[%clk 0:14:56]} 29. Re1 {[%clk 0:28:02]} 29... Rd2 {
[%clk 0:12:42]} 30. Nd8 {[%clk 0:20:44]} 30... h5 {[%clk 0:10:17]} 31. Re8+ {
[%clk 0:20:19]} 31... Kh7 {[%clk 0:10:31]} 32. Re7+ {[%clk 0:16:48]} 32... Kg8
{[%clk 0:10:03]} 33. Bc1 {[%clk 0:12:52]} 33... Rxa2 {[%clk 0:07:56]} 34. Bh6 {
[%clk 0:10:53]} 34... Ra3 {[%clk 0:07:31]} 35. Rg7+ {[%clk 0:11:10]} 35... Kf8
{[%clk 0:07:53]} 36. Ne6+ {[%clk 0:11:01]} 36... Ke8 {[%clk 0:08:10]} 37. Bg5 {
[%clk 0:11:04]} 1-0

[Event "DEM U12 2019"]
[Site "Willingen GER"]
[Date "2019.06.14"]
[Round "8"]
[White "Deuer, Marius"]
[Black "Bock, Marlon"]
[Result "1/2-1/2"]
[Termination "normal"]
[Board "7"]
[WhiteElo "1961"]
[BlackElo "1596"]
[WhiteClock "00:02:46"]
[BlackClock "00:23:55"]
[PlyCount "127"]
[WhiteFideId "16236432"]
[BlackFideId "16244931"]
[EventCountry "GER"]
[EventRounds "9"]
[EventType "swiss"]
[EventDate "2019.06.08"]

1. e4 {[%clk 1:30:57]} 1... e5 {[%clk 1:30:55]} 2. Nf3 {[%clk 1:31:23]} 2...
Nc6 {[%clk 1:31:16]} 3. Bb5 {[%clk 1:31:41]} 3... a6 {[%clk 1:31:34]} 4. Ba4 {
[%clk 1:32:00]} 4... Nf6 {[%clk 1:31:24]} 5. O-O {[%clk 1:32:18]} 5... Be7 {
[%clk 1:31:20]} 6. Re1 {[%clk 1:32:38]} 6... b5 {[%clk 1:31:00]} 7. Bb3 { [%clk
1:33:02]} 7... O-O {[%clk 1:31:01]} 8. a4 {[%clk 1:33:06]} 8... Bb7 { [%clk
1:29:09]} 9. d3 {[%clk 1:31:58]} 9... d6 {[%clk 1:26:35]} 10. Nbd2 { [%clk
1:29:38]} 10... Re8 {[%clk 1:23:29]} 11. Nf1 {[%clk 1:28:29]} 11... Bf8 { [%clk
1:21:34]} 12. Ng5 {[%clk 1:24:10]} 12... Re7 {[%clk 1:19:50]} 13. Ng3 { [%clk
1:21:29]} 13... g6 {[%clk 1:13:53]} 14. c3 {[%clk 1:16:25]} 14... h6 { [%clk
1:11:25]} 15. Nf3 15... Nb8 {[%clk 1:08:05]} 16. h3 {[%clk 1:11:28]} 16... Nbd7
{[%clk 1:04:36]} 17. Nh2 {[%clk 1:08:43]} 17... c5 {[%clk 0:58:25]} 18. Ng4
{[%clk 1:04:37]} 18... Kh7 {[%clk 0:52:36]} 19. Nxf6+ {[%clk 1:00:21]} 19...
Nxf6 {[%clk 0:51:20]} 20. f4 {[%clk 0:59:47]} 20... Qc7 {[%clk 0:48:38]} 21. f5
{[%clk 0:55:32]} 21... c4 {[%clk 0:47:24]} 22. fxg6+ 22... fxg6 { [%clk
0:47:48]} 23. Bc2 {[%clk 0:49:43]} 23... Rd8 {[%clk 0:44:35]} 24. axb5 { [%clk
0:41:11]} 24... axb5 {[%clk 0:41:58]} 25. Qe2 {[%clk 0:34:54]} 25... d5 { [%clk
0:36:58]} 26. dxc4 {[%clk 0:31:18]} 26... dxc4 {[%clk 0:35:08]} 27. Be3 { [%clk
0:29:26]} 27... Red7 {[%clk 0:33:58]} 28. Qf2 {[%clk 0:28:54]} 28... Rd6 {[%clk
0:27:20]} 29. Ra3 {[%clk 0:23:30]} 29... Ng8 {[%clk 0:24:38]} 30. b4 { [%clk
0:19:48]} 30... Rf6 {[%clk 0:23:15]} 31. Qe2 {[%clk 0:19:56]} 31... Ra8 { [%clk
0:21:20]} 32. Rxa8 {[%clk 0:18:16]} 32... Bxa8 {[%clk 0:21:48]} 33. Ra1 { [%clk
0:17:15]} 33... Bb7 {[%clk 0:22:13]} 34. Ra5 {[%clk 0:16:09]} 34... Ba6 { [%clk
0:19:15]} 35. h4 {[%clk 0:13:53]} 35... Be7 {[%clk 0:13:01]} 36. Ra1 { [%clk
0:11:18]} 36... h5 {[%clk 0:11:42]} 37. Nf1 {[%clk 0:09:03]} 37... Rc6 { [%clk
0:10:42]} 38. Bf2 {[%clk 0:08:56]} 38... Bc8 {[%clk 0:10:32]} 39. Ra7 { [%clk
0:08:33]} 39... Bb7 {[%clk 0:09:21]} 40. Ne3 {[%clk 0:08:26]} 40... Ra6 { [%clk
0:09:42]} 41. Nd5 {[%clk 0:07:50]} 41... Qb8 {[%clk 0:08:50]} 42. Rxa6 { [%clk
0:05:51]} 42... Bxa6 {[%clk 0:09:16]} 43. Nxe7 {[%clk 0:05:03]} 43... Nxe7
{[%clk 0:09:45]} 44. Qd2 {[%clk 0:05:13]} 44... Qc7 {[%clk 0:09:25]} 45. Bc5
{[%clk 0:01:32]} 45... Bc8 {[%clk 0:08:38]} 46. Qg5 {[%clk 0:28:57]} 46... Ng8
{[%clk 0:38:31]} 47. Bf2 {[%clk 0:25:34]} 47... Ne7 {[%clk 0:34:10]} 48. Qf6
{[%clk 0:22:56]} 48... Ng8 {[%clk 0:33:50]} 49. Qf8 {[%clk 0:22:42]} 49... Bg4
{[%clk 0:33:28]} 50. Bg3 {[%clk 0:22:01]} 50... Nh6 {[%clk 0:31:26]} 51. Qe8
{[%clk 0:20:48]} 51... Qa7+ {[%clk 0:28:09]} 52. Kh1 {[%clk 0:13:43]} 52...
Qa1+ {[%clk 0:24:02]} 53. Kh2 {[%clk 0:13:01]} 53... Be6 {[%clk 0:24:27]} 54.
Qe7+ {[%clk 0:09:55]} 54... Bf7 {[%clk 0:24:51]} 55. Kh3 {[%clk 0:07:04]} 55...
Qh1+ {[%clk 0:21:58]} 56. Bh2 {[%clk 0:07:27]} 56... Ng4 {[%clk 0:22:11]} 57.
Qxf7+ {[%clk 0:07:02]} 57... Kh8 {[%clk 0:22:34]} 58. Qe8+ {[%clk 0:05:33]}
58... Kh7 {[%clk 0:22:44]} 59. Qe7+ {[%clk 0:05:04]} 59... Kh8 {[%clk 0:23:06]}
60. Qd8+ {[%clk 0:04:54]} 60... Kh7 {[%clk 0:23:25]} 61. Qd7+ {[%clk 0:03:44]}
61... Kh6 {[%clk 0:23:33]} 62. Qd2+ {[%clk 0:04:02]} 62... Kh7 {[%clk 0:23:46]}
63. Qd7+ {[%clk 0:03:36]} 63... Kh6 {[%clk 0:23:55]} 64. Qd2+ {[%clk 0:02:46]}
1/2-1/2

[Event "DEM U12 2019"]
[Site "Willingen GER"]
[Date "2019.06.14"]
[Round "8"]
[White "Hagner, Bennet"]
[Black "Zweigait, Leon"]
[Result "1-0"]
[Termination "normal"]
[Board "8"]
[WhiteElo "1900"]
[BlackElo "1474"]
[WhiteClock "00:46:16"]
[BlackClock "01:33:35"]
[PlyCount "97"]
[WhiteFideId "16224477"]
[BlackFideId "16201388"]
[EventCountry "GER"]
[EventRounds "9"]
[EventType "swiss"]
[EventDate "2019.06.08"]

1. e4 {[%clk 1:30:58]} 1... c5 {[%clk 1:30:59]} 2. Nf3 {[%clk 1:31:16]} 2... e6
{[%clk 1:31:28]} 3. d4 {[%clk 1:31:37]} 3... cxd4 {[%clk 1:31:53]} 4. Nxd4 {
[%clk 1:31:56]} 4... Nf6 {[%clk 1:32:19]} 5. Nc3 {[%clk 1:30:31]} 5... Nc6 {
[%clk 1:32:43]} 6. Ndb5 {[%clk 1:29:06]} 6... Bc5 {[%clk 1:33:03]} 7. Bf4 {
[%clk 1:26:31]} 7... O-O {[%clk 1:33:23]} 8. Bc7 {[%clk 1:25:01]} 8... Qe7 {
[%clk 1:33:45]} 9. Bd6 {[%clk 1:23:25]} 9... Bxd6 {[%clk 1:33:59]} 10. Qxd6 {
[%clk 1:22:59]} 10... Ne8 {[%clk 1:34:19]} 11. Qxe7 {[%clk 1:22:51]} 11... Nxe7
{[%clk 1:34:41]} 12. O-O-O {[%clk 1:22:42]} 12... f5 {[%clk 1:35:04]} 13. Nd6 {
[%clk 1:15:12]} 13... Nxd6 {[%clk 1:35:24]} 14. Rxd6 {[%clk 1:16:10]} 14...
fxe4 {[%clk 1:35:44]} 15. Nxe4 {[%clk 1:16:22]} 15... Nf5 {[%clk 1:36:08]} 16.
Rd2 {[%clk 1:16:17]} 16... d5 {[%clk 1:36:10]} 17. Ng3 {[%clk 1:15:31]} 17...
Nxg3 {[%clk 1:35:50]} 18. hxg3 {[%clk 1:15:45]} 18... Bd7 {[%clk 1:35:56]} 19.
Bd3 {[%clk 1:14:34]} 19... h6 {[%clk 1:36:19]} 20. f4 {[%clk 1:14:17]} 20...
Rad8 {[%clk 1:36:19]} 21. Rh5 {[%clk 1:09:33]} 21... Kf7 {[%clk 1:36:01]} 22.
Re5 {[%clk 1:09:18]} 22... Kf6 {[%clk 1:36:15]} 23. Rde2 {[%clk 1:06:55]} 23...
Bc8 {[%clk 1:34:46]} 24. Kd2 {[%clk 1:03:52]} 24... Rd6 {[%clk 1:35:04]} 25. c3
{[%clk 1:02:54]} 25... Bd7 {[%clk 1:35:10]} 26. Ke3 {[%clk 1:02:03]} 26... Rc8
{[%clk 1:34:33]} 27. Kd4 {[%clk 1:01:38]} 27... a6 {[%clk 1:34:38]} 28. g4 {
[%clk 1:01:08]} 28... Bb5 {[%clk 1:33:28]} 29. f5 {[%clk 0:59:22]} 29... Rcc6 {
[%clk 1:31:26]} 30. fxe6 {[%clk 0:54:47]} 30... Rxe6 {[%clk 1:30:24]} 31. Rxe6+
{[%clk 0:40:08]} 31... Rxe6 {[%clk 1:30:47]} 32. Rxe6+ {[%clk 0:40:33]} 32...
Kxe6 {[%clk 1:31:10]} 33. Bxb5 {[%clk 0:40:58]} 33... axb5 {[%clk 1:31:30]} 34.
Kc5 {[%clk 0:41:23]} 34... b4 {[%clk 1:31:33]} 35. Kxb4 {[%clk 0:41:47]} 35...
Ke5 {[%clk 1:31:51]} 36. Kc5 {[%clk 0:42:10]} 36... Kf4 {[%clk 1:32:16]} 37.
Kb6 {[%clk 0:42:33]} 37... Kxg4 {[%clk 1:32:28]} 38. Kxb7 {[%clk 0:42:56]}
38... Kg3 {[%clk 1:32:49]} 39. a4 {[%clk 0:43:21]} 39... Kxg2 {[%clk 1:32:55]}
40. a5 {[%clk 0:43:44]} 40... h5 {[%clk 1:33:22]} 41. a6 {[%clk 0:44:06]} 41...
h4 {[%clk 1:33:42]} 42. a7 {[%clk 0:44:31]} 42... h3 {[%clk 1:34:07]} 43. a8=Q
{[%clk 0:44:52]} 43... h2 {[%clk 1:34:33]} 44. Kc7 {[%clk 0:45:13]} 44... h1=Q
45. Qxd5+ {[%clk 0:44:37]} 45... Kh2 {[%clk 1:34:46]} 46. Qxh1+ {[%clk 0:44:59]
} 46... Kxh1 {[%clk 1:34:32]} 47. b4 {[%clk 0:45:25]} 47... g5 {[%clk 1:34:53]}
48. b5 {[%clk 0:45:51]} 48... g4 {[%clk 1:33:35]} 49. b6 {[%clk 0:46:16]} 1-0

[Event "DEM U12 2019"]
[Site "Willingen GER"]
[Date "2019.06.14"]
[Round "8"]
[White "Heinrich, John"]
[Black "Hecht, Jonas Christian"]
[Result "1/2-1/2"]
[Termination "normal"]
[Board "9"]
[WhiteElo "1695"]
[BlackElo "1726"]
[WhiteClock "00:06:36"]
[BlackClock "00:17:28"]
[PlyCount "59"]
[WhiteFideId "16259491"]
[BlackFideId "16214846"]
[EventCountry "GER"]
[EventRounds "9"]
[EventType "swiss"]
[EventDate "2019.06.08"]

1. e4 {[%clk 1:30:56]} 1... e5 {[%clk 1:30:54]} 2. Nf3 {[%clk 1:31:11]} 2...
Nf6 {[%clk 1:31:18]} 3. d4 {[%clk 1:30:54]} 3... Nxe4 {[%clk 1:31:41]} 4. Bd3 {
[%clk 1:31:08]} 4... d5 {[%clk 1:31:33]} 5. Nxe5 {[%clk 1:31:01]} 5... Bd6 {
[%clk 1:31:49]} 6. O-O {[%clk 1:30:37]} 6... O-O {[%clk 1:31:45]} 7. c4 { [%clk
1:24:42]} 7... c6 {[%clk 1:31:36]} 8. Nc3 {[%clk 1:16:13]} 8... Nxc3 { [%clk
1:31:54]} 9. bxc3 {[%clk 1:15:40]} 9... Nd7 {[%clk 1:31:59]} 10. f4 { [%clk
1:08:39]} 10... Qe7 {[%clk 1:16:47]} 11. cxd5 {[%clk 0:55:59]} 11... cxd5
{[%clk 1:15:30]} 12. Qf3 {[%clk 0:52:13]} 12... Nf6 {[%clk 1:14:55]} 13. Bd2 {
[%clk 0:51:09]} 13... Re8 {[%clk 1:10:03]} 14. Be1 {[%clk 0:45:45]} 14... Qc7 {
[%clk 1:01:42]} 15. Rc1 {[%clk 0:38:31]} 15... Ne4 {[%clk 0:56:42]} 16. c4
16... f6 {[%clk 0:47:06]} 17. Ng4 {[%clk 0:32:36]} 17... Bxg4 {[%clk 0:43:04]}
18. Qxg4 {[%clk 0:32:48]} 18... Kh8 {[%clk 0:41:36]} 19. Rc2 {[%clk 0:26:27]}
19... Qf7 {[%clk 0:40:09]} 20. Qf5 {[%clk 0:25:19]} 20... Rac8 {[%clk 0:36:15]}
21. Qxd5 21... Qxd5 {[%clk 0:36:25]} 22. cxd5 {[%clk 0:24:21]} 22... f5 { [%clk
0:35:21]} 23. Bg3 {[%clk 0:20:55]} 23... Rxc2 {[%clk 0:35:08]} 24. Bxc2 { [%clk
0:21:06]} 24... Nc3 {[%clk 0:27:01]} 25. Re1 {[%clk 0:10:36]} 25... Rxe1+
{[%clk 0:25:40]} 26. Bxe1 {[%clk 0:11:01]} 26... Nxa2 {[%clk 0:19:18]} 27. Bd2
{[%clk 0:06:33]} 27... Nb4 {[%clk 0:17:51]} 28. Bxb4 {[%clk 0:06:50]} 28...
Bxb4 {[%clk 0:18:16]} 29. Bxf5 {[%clk 0:06:35]} 29... a5 {[%clk 0:17:28]} 30.
Bd7 {[%clk 0:06:36]} 1/2-1/2